| 000 | 02091nam a22001457a 4500 | ||
|---|---|---|---|
| 005 | 20250627122514.0 | ||
| 008 | 250627b |||||||| |||| 00| 0 eng d | ||
| 020 | _a0853641684 | ||
| 050 |
_aBS2387 _bBRU |
||
| 100 | _aBRUCE F.F. | ||
| 245 |
_aTHIS IS THAT; _bTHE NEW TESTAMENT DEVELOPMENT OF SOME OLD TESTAMENT THEMES |
||
| 260 |
_aCAPE TOWN _bTHE PATERNOSTER PRESS LTD _cc1968 |
||
| 300 | _a 122p | ||
| 942 |
_2lcc _cBK _n0 |
||
| 999 |
_c6735 _d6735 |
||